A Book of Building Construction Technology [vol-2] / (Record no. 1783)

000 -LEADER
fixed length control field 00279 a2200097 4500
082 ## - DEWEY DECIMAL CLASSIFICATION NUMBER
Classification number 690.023 MAN
100 ## - MAIN ENTRY--PERSONAL NAME
Personal name Manrai,P.K.
245 ## - TITLE STATEMENT
Title A Book of Building Construction Technology [vol-2] /
Statement of responsibility, etc. P.K.Manrai
260 ## - PUBLICATION, DISTRIBUTION, ETC.
Place of publication, distribution, etc. New Delhi :
Date of publication, distribution, etc. Satya Prakashan,
Name of publisher, distributor, etc. 1997
300 ## - PHYSICAL DESCRIPTION
Extent 109p. :
Other physical details ill . ;
Dimensions 27cm
650 ## - SUBJECT ADDED ENTRY--TOPICAL TERM
Topical term or geographic name entry element building
Holdings
Withdrawn status Lost status Damaged status Not for loan Permanent Location Current Location Shelving location Date acquired Total Checkouts Full call number Barcode Date last seen Price effective from Koha item type
        School of Civil and Environmental Engineering (SCEE) School of Civil and Environmental Engineering (SCEE)       690.023 MAN NIT-6467 01/05/2017 01/05/2017 Book
© 2023 Central Library, National University of Sciences and Technology. All Rights Reserved.